000 00510nam a22001457a 4500
999 _c513075
_d513075
020 _a9780674247987
082 _aCox54 K528
100 _aKhosla, Madhav
_915393
245 _aIndia's founding moment:
_bthe constitution of a most surprising democracy
_cby Madhav Khosla
260 _aLondon
_bHarvard Univ. Press
_c2020
300 _a219p.
650 _aConstitutional history -- India.
_915753
650 _aIndia. -- Constitution.
_915754
650 _aAmbedkar, B. R. -- (Bhimrao Ramji), -- 1891-1956.
_915755